00398nam a22001457a 450000500170000000800410001702200120005804100130007008200120008310000130009524500430010826000440015130000310019565000260022620240306124303.0240306b |||||||| |||| 00| 0 eng d a1023806 aEnglish  a349 BUT lEnglish  aButterworths Law Reports : Labour Law  aDurban : bLexisNexis (Pty) Ltd, c2020 bxxi, 114 pages ; c25 cm.  aLegal practice bLaw